Tunes of old England: Greensleeves - Yonder sits a fair young damsel - Mowing the barley - My boy willie arranged for guitars and recorders

Αποθηκεύτηκε σε:
Λεπτομέρειες βιβλιογραφικής εγγραφής
Κύριος συγγραφέας: Duarte, John W (Συγγραφέας)
Μορφή: Βιβλίο
Γλώσσα:Αγγλικά
Έκδοση: Londres Novello 1969
Σειρά:The Teacher Series of Guitar Publications
Ensemble Music for Guitars and Recorders
Θέματα:
Ετικέτες: Προσθήκη ετικέτας
Δεν υπάρχουν, Καταχωρήστε ετικέτα πρώτοι!

MARC

LEADER 00000nam a2200000 a 4500
001 UCN9741
003 CL-VaPUC
008 011221e19690000UK |||||||||||||||||eng|d
082 0 4 |a Fd782.42  |b DUA  |2 21 
100 0 |a Duarte, John W  |e author  |9 466295 
245 1 0 |a Tunes of old England: Greensleeves - Yonder sits a fair young damsel - Mowing the barley - My boy willie arranged for guitars and recorders 
300 |a v 
942 |c BK 
945 |d 20011221 00:00:00  |a lriquelm 
260 |a Londres  |b Novello  |c 1969 
500 |a Incluye 2 partes instrumentales 
500 |a v.1: Elementary 
650 7 |a MELODIAS - PARTITURAS  |2 CL-VaPUC  |9 466296 
650 7 |a MUSICA DE CAMARA - CUARTETOS  |2 CL-VaPUC  |9 324831 
650 7 |a MELODIAS - MUSICA PARA FLAUTAS DULCE Y GUITARRAS  |2 CL-VaPUC  |9 466297 
650 7 |a MUSICA PARA FLAUTAS DULCE Y GUITARRA  |2 CL-VaPUC  |9 466298 
583 |a last modification  |c 20011221 00:00:00  |k Rodrigo Vera 
490 0 |a The Teacher Series of Guitar Publications 
490 0 |a Ensemble Music for Guitars and Recorders 
999 |c 298979  |d 298977 
952 |0 0  |1 0  |4 0  |6 FD_782_420000000000000_DUA_1969  |7 0  |8 F  |9 355073  |a BIBEDU  |b BIBEDU  |d 2019-11-21  |h v.1  |i 115379K  |o Fd782.42 DUA 1969  |p 115379K  |r 2023-11-22  |w 2019-11-21  |y BK_F  |k MUS